000
00347 a2200121 4500
245
_a
Santé et médecines naturelles : la santé par les plantes, remèdes du monde entier, médicaments ignorés
100
_a
Mathieu, G
700
_a
Rollat, A.
260
_c
1977
300
_a
445 p.
999
_c
17586
_d
17586